000 01129nas a2200289 i 4500
003 DO-SdUA
005 20260309094726.0
007 ta
008 260305e1989 dr m p|r| || | spa d
035 _a(DO-SdUA)43825
040 _aDO-SdUA
_bspa
_cBNPHU
_erda
041 0 _aspa
245 0 0 _aQuehaceres /
_cCentro de Investigación para la Acción Femenina.
264 _aSanto Domingo, República Dominicana :
_bCentro de Investigación para la Acción Femenina (CIPAF),
_c1989.
300 _avolumen :
_bilustraciones, retratos ;
_c36 cm.
310 _aMensual.
336 _atexto
_btxt
_2rdacontent
337 _asin mediación
_bn
_2rdamedia
338 _avolumen
_bnc
_2rdacarrier
362 _aAño 9. No. 7, julio 1989.
500 _aCatalogación basada en: Año 9. No. 7, julio 1989.
650 7 _aMujeres
_vPublicaciones periódicas
_2lemb
_989164
650 7 _aMujeres en los medios de comunicación de masas
_vPublicaciones periódicas
_2lemb
_989165
650 0 _aFeminismo
_vPublicaciones periódicas
_92525
710 2 _aCentro de Investigación para la Acción Femenina (CIPAF)
_988465
942 _2ddc
_cISSUE
999 _c60464
_d60464